Lehninger principles of biochemistry (Record no. 1213181)

MARC details
000 -LEADER
fixed length control field 00947nam a2200301Ia 4500
003 - CONTROL NUMBER IDENTIFIER
control field OSt
005 - DATE AND TIME OF LATEST TRANSACTION
control field 20221007124217.0
008 - FIXED-LENGTH DATA ELEMENTS--GENERAL INFORMATION
fixed length control field 221006b |||||||| |||| 00| 0 eng d
020 ## - INTERNATIONAL STANDARD BOOK NUMBER
International Standard Book Number 9780230226999 (hbd)
037 ## - SOURCE OF ACQUISITION
Terms of availability Textbook
040 ## - CATALOGING SOURCE
Original cataloging agency CDL
Transcribing agency CDL
Language of cataloging eng
041 ## - LANGUAGE CODE
Source of code eng
Language code of text/sound track or separate title eng
100 ## - MAIN ENTRY--PERSONAL NAME
Personal name Cox Michael M
9 (RLIN) 393537
245 #0 - TITLE STATEMENT
Title Lehninger principles of biochemistry
Remainder of title Nelson David L
250 ## - EDITION STATEMENT
Edition statement 5
260 ## - PUBLICATION, DISTRIBUTION, ETC.
Place of publication, distribution, etc. New
Name of publisher, distributor, etc. York W H Freeman and Company
Date of publication, distribution, etc. 2008
300 ## - PHYSICAL DESCRIPTION
Extent xxix, 1158p.
Dimensions cm.
500 ## - GENERAL NOTE
General note Includes bibliographical references.; Appendices A-B, A1-A51p.; Glossary G1-G17p.; Index I1-I40p.
650 ## - SUBJECT ADDED ENTRY--TOPICAL TERM
Topical term or geographic name entry element Biochemistry
650 ## - SUBJECT ADDED ENTRY--TOPICAL TERM
Topical term or geographic name entry element Chemistry
700 ## - ADDED ENTRY--PERSONAL NAME
Personal name Nelson David L
9 (RLIN) 393536
942 ## - ADDED ENTRY ELEMENTS (KOHA)
Classification part E9G, P0;P8;3-;4 Carc
Koha item type Textbook
Source of classification or shelving scheme Colon Classification (CC)
Holdings
Withdrawn status Lost status Source of classification or shelving scheme Damaged status Not for loan Home library Current library Date acquired Total Checkouts Full call number Barcode Date last seen Price effective from Koha item type Public note
    Colon Classification (CC)     Department of Chemistry Library Department of Chemistry Library 2022-10-07   E9G P0;P8;3-;4 Carc CD0008138 2022-10-07 2022-10-07 Textbook {Reprinted 2010}.
Copyright @ Delhi University Library System